000 00351nam a2200157Ia 4500
100 _aMohanty/R.P/ Deshmukh/S.G
942 _cBK
366 _f15
654 _asupply chain management
245 _aEssentials of Supply chain Management
260 _bJaico Pub
_c2004
082 _a658.7
_bMOH
300 _a375
546 _aENGLISH
999 _c22483
_d22483